US States Quiz Long - Statistics

General Stats
  • This quiz has been taken 23 times
  • The average score is 49 of 50
Answers on the Map
Answers color-coded by a green-red scale on the quiz's map according to % correct below.
 
Answer Stats
State % Correct
Alabama
100%
Alaska
100%
Arizona
100%
Arkansas
100%
California
100%
Florida
100%
Georgia
100%
Illinois
100%
Indiana
100%
Iowa
100%
Kentucky
100%
Maine
100%
Maryland
100%
Michigan
100%
Minnesota
100%
Mississippi
100%
Missouri
100%
Montana
100%
Nevada
100%
New Jersey
100%
New Mexico
100%
North Dakota
100%
Oklahoma
100%
Pennsylvania
100%
South Dakota
100%
Tennessee
100%
Texas
100%
Virginia
100%
Washington
100%
West Virginia
100%
Wisconsin
100%
Colorado
94%
Connecticut
94%
Delaware
94%
Hawaii
94%
Idaho
94%
Kansas
94%
Louisiana
94%
New York
94%
North Carolina
94%
Ohio
94%
Rhode Island
94%
South Carolina
94%
Utah
94%
Vermont
94%
Wyoming
94%
Massachusetts
88%
New Hampshire
88%
Oregon
88%
Nebraska
81%
No matching quizzes found
Score Distribution
Percent of People with Each Score
Percentile by Number Answered
Your Score History
You have not taken this quiz